L´imagination (Record no. 8500)

MARC details
000 -CABECERA
campo de control de longitud fija 00646nam a2200205 a 4500
001 - NÚMERO DE CONTROL
campo de control BRCA_8849
005 - FECHA Y HORA DE LA ÚLTIMA TRANSACCIÓN
campo de control 20190320210432.0
008 - DATOS DE LONGITUD FIJA--INFORMACIÓN GENERAL
campo de control de longitud fija 120517s8849----fr-#######---#000-0#fra-#
041 ## - CÓDIGO DE LENGUA
Código de lengua del texto/banda sonora o título independiente fra
044 ## - CÓDIGO DEL PAÍS DE LA ENTIDAD EDITORA/PRODUCTORA
Código MARC del país fr
084 ## - OTRO NÚMERO DE CLASIFICACIÓN
Número de clasificación BE232
Número de documento/Ítem .J37 1806
100 1# - ENTRADA PRINCIPAL--NOMBRE DE PERSONA
Nombre de persona Jacques Delille
9 (RLIN) 22041
245 10 - MENCIÓN DE TÍTULO
Título L´imagination
Resto del título poëme
Mención de responsabilidad, etc. par Jacques Delille; tome deuxiëme.
260 ## - PUBLICACIÓN, DISTRIBUCIÓN, ETC.
Lugar de publicación, distribución, etc. A Paris
Nombre del editor, distribuidor, etc. Chez Giguet t Michoud, imp. - libraires
Fecha de publicación, distribución, etc. 1806
300 ## - DESCRIPCIÓN FÍSICA
Extensión 279 p. (t.2)
Dimensiones 14.5 x 9.5 cm.
500 ## - NOTA GENERAL
Nota general Estado físico: presenta una encuadernación que no corresponde al libro
650 14 - PUNTO DE ACCESO ADICIONAL DE MATERIA--TÉRMINO DE MATERIA
Término de materia o nombre geográfico como elemento de entrada Literatura francesa
Subdivisión geográfica Francia
9 (RLIN) 22042
902 ## - CATALOGADOR
Iniciales CFM
942 ## - ELEMENTOS DE PUNTO DE ACCESO ADICIONAL (KOHA)
Fuente del sistema de clasificación o colocación Library of Congress Classification
Tipo de ítem Koha Libros
Holdings
Estado de retiro Estado de pérdida Estado dañado No para préstamo Localización permanente Ubicación/localización actual Fecha de adquisición Total de préstamos Signatura topográfica completa Código de barras Fecha visto por última vez Precio válido a partir de Tipo de ítem Koha
El ejemplar forma parte de la colección y puede ser consultado según las políticas vigentes.       Biblioteca del Museo Franz Mayer (Rogerio Casas-Alatriste) Biblioteca del Museo Franz Mayer (Rogerio Casas-Alatriste) 12/05/2017   BE232 .J37 1806 CFM00177 22/03/2019 22/03/2019 Libros